Las reales proclamaciones en La Coruña durante el siglo XVIII / (Record no. 99645)

MARC details
000 -LEADER
campo de control de longitud fija 01047nam a2200289 i 4500
001 - NÚMERO DE CONTROL
campo de control 99645
003 - IDENTIFICADOR DE NÚMERO DE CONTROL
campo de control ES-MaACL
005 - FECHA Y HORA DE LA ÚLTIMA TRANSACCIÓN
campo de control 20250801063029.0
007 - CAMPO FIJO DE DESCRIPCIÓN FÍSICA--INFORMACIÓN GENERAL
campo de control de longitud fija t|
008 - DATOS DE LONGITUD FIJA--INFORMACIÓN GENERAL
campo de control de longitud fija 050914s1965 sp ||||1| spa d
080 ## - NÚMERO DE LA CLASIFICACIÓN DECIMAL UNIVERSAL
Número de la Clasificación Decimal Universal 394.2(460.111.2)
080 ## - NÚMERO DE LA CLASIFICACIÓN DECIMAL UNIVERSAL
Número de la Clasificación Decimal Universal 394.4(460.111.2)
080 ## - NÚMERO DE LA CLASIFICACIÓN DECIMAL UNIVERSAL
Número de la Clasificación Decimal Universal 398.332(460.111.2)
100 1# - ENTRADA PRINCIPAL--NOMBRE DE PERSONA
Nombre de persona Martínez-Barbeito, Carlos,
Fechas asociadas al nombre 1913-1997
Término indicativo de función/relación Autor
9 (RLIN) 77884
245 14 - MENCIÓN DEL TÍTULO
Título Las reales proclamaciones en La Coruña durante el siglo XVIII /
Mención de responsabilidad, etc. Carlos Martínez-Barbeito
260 ## - PUBLICACIÓN, DISTRIBUCIÓN, ETC.
Lugar de publicación, distribución, etc. La Coruña :
Nombre del editor, distribuidor, etc. Moret,
Fecha de publicación, distribución, etc. 1965
300 ## - DESCRIPCIÓN FÍSICA
Extensión 27 hojas ;
Dimensiones 22 cm
500 ## - NOTA GENERAL
Nota general Tirada aparte de: Revista del Instituto "José Cornide" de Estudios Coruñeses, año I, 1965, p. 11-63
650 #7 - PUNTO DE ACCESO ADICIONAL DE MATERIA--TÉRMINO DE MATERIA
Término de materia o nombre geográfico como elemento de entrada Fiestas-
Subdivisión geográfica La Coruña
9 (RLIN) 157716
651 #4 - PUNTO DE ACCESO ADICIONAL DE MATERIA--NOMBRE GEOGRÁFICO
Nombre geográfico España-
Subdivisión general Reyes y soberanos
9 (RLIN) 8492
710 2# - ENTRADA AGREGADA--NOMBRE DE ENTIDAD CORPORATIVA
Nombre de entidad corporativa o nombre de jurisdicción como elemento de entrada Instituto "José Cornide" de Estudios Coruñeses
Término indicativo de función/relación entidad responsable
9 (RLIN) 5109
852 ## - LOCALIZACIÓN
Ubicación ES-MaACL
Sublocalización o colección R.83963
Ubicación en estantería Depósito 2
Número de control de estantería C-45176
852 ## - LOCALIZACIÓN
Ubicación ES-MaACL
Número de control de estantería C-29070
Sublocalización o colección R.59477
942 ## - ELEMENTOS DE ENTRADA SECUNDARIOS (KOHA)
Fuente del sistema de clasificación o colocación Clasificación decimal universal
Tipo de ítem Koha Libro impreso
Suprimir en OPAC No
Holdings
Estatus retirado Estado de pérdida Estado de daño No para préstamo Biblioteca de origen Biblioteca actual Ubicación en estantería Fecha de adquisición Fuente de adquisición Total de préstamos Signatura topográfica completa Código de barras Visto por última vez Precio de reemplazo Tipo de ítem Koha
        Biblioteca del Ateneo de Madrid Biblioteca del Ateneo de Madrid Depósito 2 17/01/2008     C-29070 1104049 23/02/2023 23/02/2023 Libro impreso
        Biblioteca del Ateneo de Madrid Biblioteca del Ateneo de Madrid Depósito 2 17/01/2008     C-45176 1104048 23/02/2023 23/02/2023 Libro impreso